[Event "26th Klatovy B 2018"]
[Site "Klatovy CZE"]
[Date "2018.07.01"]
[Round "2.15"]
[White "Novy, Jan"]
[Black "Finek, Vaclav"]
[Result "0-1"]
[WhiteElo "1516"]
[BlackElo "1763"]
[PlyCount "50"]
[EventDate "2018.06.30"]
[EventType "swiss"]
[EventRounds "9"]
[EventCountry "CZE"]

1. e4 e5 2. Nf3 Nc6 3. g3 Nf6 4. d3 h6 5. Bg2 Bc5 6. O-O d6 7. c3 Bb6 8. a4 a5 9. Re1 Bg4 10. Nbd2 Qd7 11. Nc4 Ba7 12. Ne3 Bxe3 13. Bxe3 O-O 14. Qd2 Kh7 15. Qc2 Rfe8 16. Rab1 d5 17. b4 d4 18. cxd4 Nxb4 19. Qb3 Bxf3 20. Bxf3 exd4 21. Bd2 Nc6 22. Qd1 Ne5 23. Be2 Qh3 24. f4 Neg4 25. Bf1 Qxh2# 0-1

[Event "26th Klatovy B 2018"]
[Site "Klatovy CZE"]
[Date "2018.07.01"]
[Round "2.16"]
[White "Chmelik, Ladislav"]
[Black "Kudrna, Miroslav"]
[Result "1-0"]
[WhiteElo "1761"]
[BlackElo "1539"]
[PlyCount "75"]
[EventDate "2018.06.30"]
[EventType "swiss"]
[EventRounds "9"]
[EventCountry "CZE"]

1. e4 e6 2. Nc3 d5 3. exd5 exd5 4. d4 Bb4 5. Nf3 Bg4 6. h3 Bh5 7. Be2 Nf6 8. O-O O-O 9. Bf4 Nbd7 10. a3 Bxc3 11. bxc3 Ne4 12. c4 Nc3 13. Qd2 Nxe2+ 14. Qxe2 Re8 15. Qd3 Nb6 16. cxd5 Nxd5 17. Bg3 Bg6 18. Qd2 Nf6 19. Bh4 Ne4 20. Qb4 Qd5 21. c4 Qc6 22. Rfe1 f6 23. Re3 Nd6 24. Bg3 Qxc4 25. Bxd6 Qxb4 26. Bxb4 Rxe3 27. fxe3 c6 28. Kf2 Kf7 29. Rc1 Rd8 30. Nd2 Rd5 31. g4 h5 32. Rc5 Rxc5 33. Bxc5 hxg4 34. hxg4 a6 35. Nc4 b5 36. Nd6+ Ke6 37. e4 Bh7 38. Ke3 1-0

[Event "26th Klatovy B 2018"]
[Site "Klatovy CZE"]
[Date "2018.07.01"]
[Round "2.17"]
[White "Kotesovec, Jaroslav"]
[Black "Cyron, Karel"]
[Result "0-1"]
[WhiteElo "1514"]
[BlackElo "1756"]
[PlyCount "60"]
[EventDate "2018.06.30"]
[EventType "swiss"]
[EventRounds "9"]
[EventCountry "CZE"]

1. e4 Nf6 2. e5 Nd5 3. d4 d6 4. h3 dxe5 5. dxe5 Bf5 6. c3 e6 7. Nf3 Be7 8. Be2 Nd7 9. O-O O-O 10. Bd3 Bg6 11. Re1 c6 12. a3 a5 13. c4 N5b6 14. Be3 Bxd3 15. Qxd3 Nc5 16. Qxd8 Rfxd8 17. Nbd2 Nba4 18. Bxc5 Nxc5 19. Rab1 Nd3 20. Re2 Nf4 21. Re4 g5 22. Ree1 h6 23. Ne4 Rd3 24. Rbd1 Rad8 25. Ned2 b5 26. cxb5 cxb5 27. Re4 b4 28. axb4 Bxb4 29. Rxb4 axb4 30. Kh2 Ne2 0-1

[Event "26th Klatovy B 2018"]
[Site "Klatovy CZE"]
[Date "2018.07.01"]
[Round "2.18"]
[White "Flajsman, Petr"]
[Black "Levinsky, Ladislav"]
[Result "1-0"]
[WhiteElo "1753"]
[BlackElo "1515"]
[PlyCount "85"]
[EventDate "2018.06.30"]
[EventType "swiss"]
[EventRounds "9"]
[EventCountry "CZE"]

1. e4 c5 2. Nc3 e6 3. Nge2 Nc6 4. d4 cxd4 5. Nxd4 g6 6. Be3 Bg7 7. Qd2 Nge7 8. O-O-O O-O 9. f3 d5 10. h3 e5 11. Nxc6 bxc6 12. exd5 cxd5 13. Nxd5 Be6 14. Bc4 e4 15. Bc5 Nxd5 16. Bxd5 Rb8 17. c3 Bxd5 18. Qxd5 Bh6+ 19. Kc2 Qxd5 20. Rxd5 Rfe8 21. Bxa7 Rb7 22. Bd4 exf3 23. Re5 Rxe5 24. Bxe5 Re7 25. Bd4 fxg2 26. Rg1 Re2+ 27. Kb3 f5 28. a4 f4 29. a5 f3 30. a6 Re8 31. a7 Bg7 32. Bf2 Bf8 33. Ra1 Ra8 34. Kc4 Bd6 35. Kb5 Bh2 36. Kb6 g1=Q 37. Bxg1 Bxg1+ 38. Rxg1 Rf8 39. c4 f2 40. Rf1 Rf6+ 41. Kb5 Rf8 42. Rxf2 Rxf2 43. a8=Q+ 1-0

[Event "26th Klatovy B 2018"]
[Site "Klatovy CZE"]
[Date "2018.07.01"]
[Round "2.19"]
[White "Vavrinkova, Eliska"]
[Black "Stross, Frantisek 1952"]
[Result "1-0"]
[WhiteElo "1746"]
[BlackElo "1506"]
[PlyCount "53"]
[EventDate "2018.06.30"]
[EventType "swiss"]
[EventRounds "9"]
[EventCountry "CZE"]

1. d4 d5 2. Nf3 Nf6 3. c4 Nc6 4. Bf4 Bf5 5. Nc3 e6 6. e3 Bb4 7. Be2 Ne4 8. Qb3 O-O 9. O-O Qe7 10. cxd5 Na5 11. d6 Bxd6 12. Bxd6 cxd6 13. Qa4 b6 14. Rac1 Rfc8 15. Ba6 Nxc3 16. bxc3 Rd8 17. c4 Be4 18. Nd2 Bd3 19. Rfe1 d5 20. Rc3 dxc4 21. Bxc4 Nxc4 22. Nxc4 Be4 23. f3 Bb7 24. Ne5 Qg5 25. Rc7 Rdb8 26. Qd7 f6 27. Qxe6+ 1-0

[Event "26th Klatovy B 2018"]
[Site "Klatovy CZE"]
[Date "2018.07.01"]
[Round "2.20"]
[White "Safarcik, Miroslav"]
[Black "Nagy, Ladislav"]
[Result "0-1"]
[WhiteElo "1505"]
[BlackElo "1740"]
[PlyCount "86"]
[EventDate "2018.06.30"]
[EventType "swiss"]
[EventRounds "9"]
[EventCountry "CZE"]

1. d4 Nf6 2. Nf3 g6 3. Bf4 Bg7 4. e3 d6 5. Bd3 O-O 6. Nbd2 Nbd7 7. O-O c5 8. c3 b6 9. Re1 Re8 10. e4 e5 11. Be3 Bb7 12. d5 Rf8 13. Bg5 a6 14. Qe2 Qc7 15. b3 Nh5 16. g3 Ndf6 17. Rac1 b5 18. Nh4 Bc8 19. c4 b4 20. Qf1 Ne8 21. Be2 Nhf6 22. Qg2 a5 23. Nf1 Ng4 24. Bd1 Nh6 25. Ne3 f6 26. Bxh6 Bxh6 27. Rb1 Bg4 28. Nf3 Bxe3 29. Rxe3 f5 30. Bc2 Ng7 31. Rd1 Ra7 32. Nh4 fxe4 33. Bxe4 a4 34. Bc2 axb3 35. Bxb3 Bf5 36. Nxf5 Nxf5 37. Rf3 Qc8 38. Qh3 Raf7 39. Re1 Nd4 40. Qxc8 Nxf3+ 41. Kf1 Rxc8 42. Re2 Nxh2+ 43. Kg2 Nf3 0-1

[Event "26th Klatovy B 2018"]
[Site "Klatovy CZE"]
[Date "2018.07.01"]
[Round "2.21"]
[White "Leseticky, Vladimir"]
[Black "Sedlak, Jakub"]
[Result "0-1"]
[WhiteElo "1730"]
[BlackElo "1500"]
[PlyCount "66"]
[EventDate "2018.06.30"]
[EventType "swiss"]
[EventRounds "9"]
[EventCountry "CZE"]

1. d4 Nf6 2. c4 e6 3. Nf3 b6 4. e3 Bb7 5. Be2 Be7 6. O-O O-O 7. b3 c5 8. Bb2 d5 9. Nbd2 Nbd7 10. Rc1 Rc8 11. Ne5 Nxe5 12. dxe5 Nd7 13. cxd5 Bxd5 14. Bd3 Qc7 15. f4 Rfd8 16. Bb1 b5 17. Qc2 Nf8 18. e4 Bb7 19. f5 exf5 20. exf5 Bg5 21. Rcd1 Be3+ 22. Kh1 c4 23. Nf3 Rxd1 24. Qxd1 c3 25. Qd3 Bh6 26. e6 cxb2 27. f6 fxe6 28. fxg7 Qxg7 29. Ne1 Qg6 30. Qh3 Qxb1 31. Qxh6 Qg6 32. Qxg6+ Nxg6 33. Nd3 Rc2 0-1

[Event "26th Klatovy B 2018"]
[Site "Klatovy CZE"]
[Date "2018.07.01"]
[Round "2.22"]
[White "Kovar, Michal"]
[Black "Kuta, Miroslav"]
[Result "0-1"]
[WhiteElo "1492"]
[BlackElo "1725"]
[PlyCount "114"]
[EventDate "2018.06.30"]
[EventType "swiss"]
[EventRounds "9"]
[EventCountry "CZE"]

1. d4 d5 2. Bf4 Nf6 3. e3 Bf5 4. c4 e6 5. Nf3 c6 6. Qb3 Qb6 7. Nbd2 Nbd7 8. Be2 Be7 9. O-O O-O 10. Rac1 Ne4 11. cxd5 exd5 12. Nxe4 Qxb3 13. axb3 Bxe4 14. Ne5 Nxe5 15. Bxe5 Bb4 16. Rfd1 a5 17. Bd3 Bg6 18. f4 f5 19. Kf2 Bh5 20. Be2 Bxe2 21. Kxe2 a4 22. Rd3 a3 23. bxa3 Rxa3 24. Rc2 Rfa8 25. Kf3 Ra1 26. g4 fxg4+ 27. Kxg4 R8a2 28. Rxa2 Rxa2 29. h4 Kf7 30. Kf3 g6 31. h5 Be1 32. hxg6+ hxg6 33. Bd6 Rf2+ 34. Kg4 Rd2 35. Rxd2 Bxd2 36. Kf3 Ke6 37. Bc5 Kf5 38. b4 Bc3 39. Bd6 Be1 40. Bc5 Bh4 41. Bd6 Bd8 42. Bf8 b6 43. Bd6 Kf6 44. Bf8 Bc7 45. Kg4 Kf7 46. Bh6 Bd6 47. f5 Bxb4 48. fxg6+ Kxg6 49. Bf4 Bd2 50. e4 Bxf4 51. Kxf4 dxe4 52. Kxe4 Kf6 53. d5 c5 54. Kd3 Ke5 55. Kc4 Kd6 56. Kb5 Kxd5 57. Kxb6 c4 0-1

[Event "26th Klatovy B 2018"]
[Site "Klatovy CZE"]
[Date "2018.07.01"]
[Round "2.24"]
[White "Soucek, Petr"]
[Black "Novotny, David"]
[Result "0-1"]
[WhiteElo "1485"]
[BlackElo "1715"]
[PlyCount "100"]
[EventDate "2018.06.30"]
[EventType "swiss"]
[EventRounds "9"]
[EventCountry "CZE"]

1. d4 e6 2. c4 Nf6 3. Nf3 b6 4. Nbd2 Bb7 5. e3 Be7 6. Be2 O-O 7. O-O d5 8. b3 c5 9. Bb2 Nc6 10. Rc1 Qc7 11. a3 Nd7 12. Qc2 a5 13. e4 dxe4 14. Nxe4 cxd4 15. Nxd4 Nxd4 16. Bxd4 Bxa3 17. Ng5 g6 18. Rcd1 Be7 19. Qd2 Rad8 20. Qe3 Bf6 21. Bxf6 Nxf6 22. Bf3 Rxd1 23. Rxd1 Rd8 24. Re1 Bxf3 25. Qxf3 Qe7 26. Qc6 Qb4 27. Rf1 h6 28. Qf3 hxg5 29. Qxf6 Rd3 30. Qxg5 Qxb3 31. g3 Qxc4 32. Rc1 Qd5 33. Qf4 Rd1+ 34. Rxd1 Qxd1+ 35. Kg2 Qd5+ 36. Kg1 b5 37. Qc7 b4 38. Qb6 b3 39. h3 a4 40. Qb4 Qc6 41. Qd2 Qe4 42. Qb2 Qc2 43. Qd4 b2 44. Qd8+ Kg7 45. Qd4+ e5 46. Qxe5+ Kh7 47. Qf6 b1=Q+ 48. Kh2 Qf5 49. Qd4 Qbe4 50. Qd2 Qff3 0-1

[Event "26th Klatovy B 2018"]
[Site "Klatovy CZE"]
[Date "2018.07.01"]
[Round "2.25"]
[White "Macho, Miloslav"]
[Black "Chmelik, Benedikt"]
[Result "0-1"]
[WhiteElo "1710"]
[BlackElo "1475"]
[PlyCount "94"]
[EventDate "2018.06.30"]
[EventType "swiss"]
[EventRounds "9"]
[EventCountry "CZE"]

1. e4 c5 2. Nf3 d6 3. Bb5+ Bd7 4. Qe2 a6 5. Bxd7+ Qxd7 6. Nc3 e6 7. d4 cxd4 8. Nxd4 Nc6 9. Be3 Nf6 10. Rd1 Be7 11. O-O O-O 12. Nb3 Rfd8 13. Bb6 Re8 14. f4 Qc8 15. Kh1 Bd8 16. Na4 d5 17. e5 Nd7 18. Bg1 b5 19. Nac5 Bb6 20. Nxd7 Bxg1 21. Nf6+ gxf6 22. exf6 Kh8 23. Rxg1 Qd8 24. Nd4 Nxd4 25. Rxd4 Qxf6 26. c3 Rac8 27. Qe5 Qxe5 28. fxe5 Rc4 29. Rgd1 Rec8 30. R4d3 Re4 31. Rf3 Rf8 32. Kg1 Rxe5 33. Rdf1 f5 34. Kf2 Rg8 35. h3 Re4 36. Rd1 Rc8 37. b3 Kg7 38. Rd2 h5 39. a3 Kf6 40. Rdd3 a5 41. b4 axb4 42. axb4 Ra8 43. Rg3 Ra2+ 44. Kg1 Re1+ 45. Kh2 Raa1 46. Rg8 h4 47. g4 Re2# 0-1

[Event "26th Klatovy B 2018"]
[Site "Klatovy CZE"]
[Date "2018.07.01"]
[Round "2.26"]
[White "Martinek, Lukas"]
[Black "Zak, Jiri1"]
[Result "0-1"]
[WhiteElo "1215"]
[BlackElo "1702"]
[PlyCount "70"]
[EventDate "2018.06.30"]
[EventType "swiss"]
[EventRounds "9"]
[EventCountry "CZE"]

1. e4 c5 2. Nf3 d6 3. d4 cxd4 4. Nxd4 Nf6 5. Nc3 g6 6. Be3 a6 7. f3 Bg7 8. Qd2 h5 9. O-O-O Bd7 10. h3 Nc6 11. Be2 b5 12. g4 Ne5 13. b3 Qa5 14. Kb2 Qd8 15. gxh5 Nxh5 16. f4 Nc6 17. Kb1 Ng3 18. Rh2 Nxe2 19. Nxc6 Nxc3+ 20. Qxc3 Bxc3 21. Nxd8 Rxd8 22. Rd3 Bg7 23. Bf2 Bc6 24. Re3 Bd4 25. Re2 Bxf2 26. Rhxf2 Rxh3 27. Rf1 b4 28. Rfe1 Rf3 29. f5 gxf5 30. exf5 Rd7 31. Rh2 Kd8 32. Rh5 Rf4 33. Re3 Be4 34. f6 exf6 35. Ra5 Ra7 0-1

[Event "26th Klatovy B 2018"]
[Site "Klatovy CZE"]
[Date "2018.07.01"]
[Round "2.27"]
[White "Hosnedl, Matyas"]
[Black "Bauer, Jan 2005"]
[Result "1-0"]
[WhiteElo "1697"]
[BlackElo "1415"]
[PlyCount "49"]
[EventDate "2018.06.30"]
[EventType "swiss"]
[EventRounds "9"]
[EventCountry "CZE"]

1. e4 d6 2. d4 Nf6 3. Nc3 g6 4. Be3 Bg7 5. Qd2 Ng4 6. Bf4 O-O 7. f3 e5 8. Bg5 f6 9. Bh4 Nh6 10. dxe5 dxe5 11. Qxd8 Rxd8 12. Nd5 g5 13. Nxc7 gxh4 14. Rd1 Rxd1+ 15. Kxd1 Bf8 16. Nxa8 Bd6 17. Kc1 b6 18. Bc4+ Kf8 19. Bd5 Ng8 20. Ne2 Ne7 21. Bb3 Bb7 22. Rd1 Nc8 23. Be6 Ke7 24. Bf5 Nd7 25. Nc7 1-0

[Event "26th Klatovy B 2018"]
[Site "Klatovy CZE"]
[Date "2018.07.01"]
[Round "2.28"]
[White "Martinkova, Magdalena"]
[Black "Gerigk, Daniel"]
[Result "0-1"]
[WhiteElo "1186"]
[BlackElo "1690"]
[PlyCount "26"]
[EventDate "2018.06.30"]
[EventType "swiss"]
[EventRounds "9"]
[EventCountry "CZE"]

1. e4 e5 2. Nc3 Nf6 3. f4 exf4 4. Nf3 Bb4 5. e5 Qe7 6. Bc4 O-O 7. O-O Ng4 8. Kh1 Qc5 9. Qe2 Nc6 10. a3 Bxc3 11. bxc3 Ngxe5 12. d4 Qxc4 13. Qe4 Qxf1+ 0-1

[Event "26th Klatovy B 2018"]
[Site "Klatovy CZE"]
[Date "2018.07.01"]
[Round "2.29"]
[White "Cipera, Josef"]
[Black "Benes, Jachym"]
[Result "1-0"]
[WhiteElo "1688"]
[BlackElo "1386"]
[PlyCount "51"]
[EventDate "2018.06.30"]
[EventType "swiss"]
[EventRounds "9"]
[EventCountry "CZE"]

1. d4 d5 2. Bf4 Nf6 3. e3 e6 4. Bd3 Bd6 5. Bg3 O-O 6. Ne2 c5 7. c3 Nc6 8. Nd2 b6 9. O-O Bb7 10. f4 Nh5 11. Nf3 Qc7 12. Bh4 Be7 13. Qe1 Qd8 14. Bf2 Rc8 15. h3 h6 16. g4 Nf6 17. Ng3 cxd4 18. exd4 Bd6 19. Ne5 Nd7 20. Qd2 Ndxe5 21. fxe5 Be7 22. Be3 Bg5 23. Bxg5 hxg5 24. Nh5 Na5 25. Nf6+ gxf6 26. exf6 1-0

[Event "26th Klatovy B 2018"]
[Site "Klatovy CZE"]
[Date "2018.07.01"]
[Round "2.30"]
[White "Sova, Zdenek"]
[Black "Studenovsky, Jaroslav 1974"]
[Result "1-0"]
[WhiteElo "1682"]
[BlackElo "1000"]
[PlyCount "112"]
[EventDate "2018.06.30"]
[EventType "swiss"]
[EventRounds "9"]
[EventCountry "CZE"]

1. Nf3 Nf6 2. d4 d5 3. c4 e6 4. Nc3 Bb4 5. Bd2 O-O 6. e3 c5 7. dxc5 Bxc5 8. cxd5 exd5 9. Be2 Re8 10. O-O Bg4 11. h3 Bh5 12. Qb3 b6 13. Rfd1 Nc6 14. Be1 Na5 15. Qa4 a6 16. b4 Bxf3 17. Bxf3 Nc4 18. Bxd5 Nxd5 19. Rxd5 Bd6 20. Qb3 b5 21. Rad1 Qc7 22. Qb1 Re6 23. Ne4 h6 24. Bc3 Rae8 25. Nc5 Bxc5 26. Rxc5 Qb7 27. Rcd5 Qc6 28. Qd3 Nxe3 29. Qd4 Re5 30. fxe3 Qxd5 31. Qxd5 Rxd5 32. Rxd5 Rxe3 33. Bd4 Ra3 34. Bb6 Rxa2 35. Ba5 Re2 36. Rd6 Re6 37. Rxe6 fxe6 38. Bc7 Kf7 39. Be5 h5 40. Kf2 g6 41. Ke3 Ke7 42. Kd4 Kd7 43. Kc5 Kc8 44. Kb6 Kd7 45. h4 Kc8 46. Kxa6 Kd7 47. Kxb5 Kc8 48. Kc6 Kd8 49. b5 g5 50. hxg5 h4 51. b6 h3 52. Bf6+ Kc8 53. gxh3 Kb8 54. Be5+ Kc8 55. b7+ Kd8 56. Bf6+ Ke8 1-0

[Event "26th Klatovy B 2018"]
[Site "Klatovy CZE"]
[Date "2018.07.01"]
[Round "2.31"]
[White "Matejicek, Vojtech"]
[Black "Lener, Jaroslav 1975"]
[Result "0-1"]
[WhiteElo "1393"]
[BlackElo "1792"]
[PlyCount "150"]
[EventDate "2018.06.30"]
[EventType "swiss"]
[EventRounds "9"]
[EventCountry "CZE"]

1. d4 Nf6 2. c4 d6 3. Nc3 Nbd7 4. e3 g6 5. Nf3 Bg7 6. Be2 O-O 7. O-O b6 8. Bd2 Bb7 9. Rc1 e6 10. b4 c5 11. bxc5 dxc5 12. Rb1 Ne4 13. Nxe4 Bxe4 14. Rc1 Rc8 15. Bc3 Qe7 16. Bd3 Bxd3 17. Qxd3 Rfd8 18. Qe2 Nf6 19. Rfd1 Ne4 20. Bb2 Rd7 21. Qc2 f5 22. Nd2 Nxd2 23. Rxd2 cxd4 24. Bxd4 e5 25. Bb2 Rxd2 26. Qxd2 Rd8 27. Qc2 Qd7 28. Qb3 Qd3 29. c5+ Qxb3 30. axb3 bxc5 31. Ba3 Bf8 32. h3 Rc8 33. Bb2 Rb8 34. Bxe5 Rxb3 35. Ra1 Rb7 36. Kh2 Bg7 37. Bxg7 Kxg7 38. Rc1 Rb5 39. g4 Kf6 40. Kg3 Ke5 41. gxf5 gxf5 42. Rc4 a5 43. Rh4 Rb7 44. Rc4 Kd5 45. Rf4 Rf7 46. Ra4 c4 47. Rxa5+ Ke4 48. Ra3 Rg7+ 49. Kh2 Kf3 50. Ra5 Rg2+ 51. Kh1 Rxf2 52. Rxf5+ Kxe3 53. Rc5 Kd4 54. Rc7 Rf5 55. Rxh7 c3 56. Rd7+ Rd5 57. Rc7 Kd3 58. Kg2 c2 59. Kf2 Kd2 60. Rxc2+ Kxc2 61. Kg3 Kd3 62. Kf4 Rh5 63. Kg4 Rh8 64. h4 Ke4 65. Kg5 Rg8+ 66. Kh6 Rh8+ 67. Kg5 Ke5 68. h5 Rg8+ 69. Kh6 Kf6 70. Kh7 Rg7+ 71. Kh8 Rg5 72. h6 Ra5 73. Kh7 Ra7+ 74. Kg8 Kg6 75. h7 Ra8# 0-1

[Event "26th Klatovy B 2018"]
[Site "Klatovy CZE"]
[Date "2018.07.01"]
[Round "2.32"]
[White "Perik, Alois"]
[Black "Fekete, Frantisek 1941"]
[Result "1-0"]
[WhiteElo "1832"]
[BlackElo "1383"]
[PlyCount "57"]
[EventDate "2018.06.30"]
[EventType "swiss"]
[EventRounds "9"]
[EventCountry "CZE"]

1. c4 e5 2. Nc3 d6 3. g3 g6 4. Bg2 Bg7 5. d3 c6 6. Nf3 Nf6 7. O-O O-O 8. Bg5 Nbd7 9. Qd2 Re8 10. Rfe1 Qe7 11. b4 Nf8 12. b5 Bd7 13. Rab1 Rab8 14. Ne4 Nxe4 15. dxe4 Bf6 16. Be3 b6 17. Red1 cxb5 18. cxb5 Rbc8 19. a4 Be6 20. Ne1 Red8 21. Nc2 Nd7 22. Nb4 Nb8 23. Nd5 Bxd5 24. exd5 Bg7 25. a5 Nd7 26. Bh3 Rc7 27. Bxd7 Qxd7 28. axb6 axb6 29. Bxb6 1-0

[Event "26th Klatovy B 2018"]
[Site "Klatovy CZE"]
[Date "2018.07.01"]
[Round "2.33"]
[White "Rezac, Jindrich"]
[Black "Celovsky, Jan"]
[Result "1-0"]
[WhiteElo "1806"]
[BlackElo "1397"]
[PlyCount "39"]
[EventDate "2018.06.30"]
[EventType "swiss"]
[EventRounds "9"]
[EventCountry "CZE"]

1. e4 e5 2. Nf3 Nc6 3. d4 exd4 4. Bc4 Bc5 5. c3 dxc3 6. Bxf7+ Kxf7 7. Qd5+ Ke8 8. Qxc5 Nge7 9. Nxc3 d6 10. Qg5 Ng6 11. Qh5 Qe7 12. O-O Be6 13. Nd5 Bxd5 14. exd5 Nce5 15. Ng5 Kd7 16. Qh3+ Ke8 17. Bd2 h6 18. Ne6 Kd7 19. Rac1 c5 20. Nxc5+ 1-0

[Event "26th Klatovy B 2018"]
[Site "Klatovy CZE"]
[Date "2018.07.01"]
[Round "2.34"]
[White "Vavrinek, Tomas"]
[Black "Sykora, Vaclav"]
[Result "1-0"]
[WhiteElo "1785"]
[BlackElo "1529"]
[PlyCount "49"]
[EventDate "2018.06.30"]
[EventType "swiss"]
[EventRounds "9"]
[EventCountry "CZE"]

1. d4 d5 2. Nf3 Nf6 3. c4 e6 4. Bg5 Be7 5. e3 O-O 6. Qc2 Nbd7 7. cxd5 exd5 8. Bd3 c6 9. Nc3 h6 10. h4 Ng4 11. Bf4 Ndf6 12. O-O-O Bb4 13. Rdf1 Bxc3 14. Qxc3 Ne4 15. Qc2 f5 16. Ne5 Nxe5 17. Bxe5 Qe7 18. g4 g6 19. gxf5 Rxf5 20. f3 Nd6 21. Bxf5 Nxf5 22. Rfg1 Qf7 23. h5 g5 24. Qd3 Ng7 25. Qg6 1-0

[Event "26th Klatovy B 2018"]
[Site "Klatovy CZE"]
[Date "2018.07.01"]
[Round "2.35"]
[White "Pecka, Jan"]
[Black "Schille, Hannes"]
[Result "0-1"]
[WhiteElo "1383"]
[BlackElo "1750"]
[PlyCount "78"]
[EventDate "2018.06.30"]
[EventType "swiss"]
[EventRounds "9"]
[EventCountry "CZE"]

1. d4 Nf6 2. c4 e6 3. Nf3 b6 4. e3 Bb7 5. Bd3 Be7 6. Nc3 d5 7. cxd5 exd5 8. O-O O-O 9. b3 c5 10. Bb2 Nc6 11. Ne2 Nb4 12. Ng3 Nxd3 13. Qxd3 Ne4 14. Nf5 Bf6 15. Ne5 Qc8 16. Ng3 Ba6 17. Qd1 Bxf1 18. Nxe4 dxe4 19. Kxf1 Rd8 20. Qh5 g6 21. Qh6 Bxe5 22. dxe5 Qg4 23. Ke1 Qe6 24. Bc3 Rd3 25. Rc1 Rad8 26. f3 c4 27. Bd4 cxb3 28. axb3 Rxb3 29. Rc7 Rb1+ 30. Kf2 exf3 31. gxf3 a5 32. Ra7 Rc8 33. e4 Rc2+ 34. Kg3 Rb4 35. Ba1 Ra4 36. Bb2 Ra2 37. Bd4 Rg2+ 38. Kf4 g5+ 39. Ke3 Qb3+ 0-1

[Event "26th Klatovy B 2018"]
[Site "Klatovy CZE"]
[Date "2018.07.01"]
[Round "2.36"]
[White "Juhanak, Daniel"]
[Black "Stvan, Marek"]
[Result "1/2-1/2"]
[WhiteElo "1317"]
[BlackElo "1637"]
[PlyCount "75"]
[EventDate "2018.06.30"]
[EventType "swiss"]
[EventRounds "9"]
[EventCountry "CZE"]

1. d4 d5 2. c4 c6 3. Nf3 e6 4. e3 Nf6 5. Nc3 Be7 6. Qc2 Nbd7 7. b3 b6 8. Be2 O-O 9. Bb2 Bb7 10. O-O Bd6 11. e4 dxe4 12. Nxe4 Be7 13. Rad1 Qc7 14. Bd3 Rfd8 15. Rfe1 Rac8 16. h3 h6 17. Ne5 Nxe4 18. Bxe4 Nf6 19. Bf3 c5 20. Qe2 cxd4 21. Bxd4 Bb4 22. Rf1 Bxf3 23. Nxf3 Be7 24. Ne5 Bc5 25. Bb2 Be7 26. Qf3 Rd6 27. Ng4 Nxg4 28. Qxg4 f6 29. Rxd6 Qxd6 30. Rd1 Qc6 31. Re1 Kf7 32. Qh5+ Kg8 33. Qg6 e5 34. Bc1 Qe8 35. Qg4 Kh8 36. Qe4 Qc6 37. Qg4 Re8 38. Be3 1/2-1/2

[Event "26th Klatovy B 2018"]
[Site "Klatovy CZE"]
[Date "2018.07.01"]
[Round "2.37"]
[White "Svejdar, Pavel"]
[Black "Skutil, Frantisek"]
[Result "1/2-1/2"]
[WhiteElo "1614"]
[BlackElo "1336"]
[PlyCount "82"]
[EventDate "2018.06.30"]
[EventType "swiss"]
[EventRounds "9"]
[EventCountry "CZE"]

1. e4 c5 2. Nf3 e6 3. d4 cxd4 4. Nxd4 Nf6 5. Bd3 d6 6. O-O a6 7. Nc3 Be7 8. Nf3 Nc6 9. Bf4 O-O 10. Re1 e5 11. Bg5 b5 12. a3 Nd7 13. Bxe7 Nxe7 14. Qd2 Bb7 15. Rad1 Re8 16. Ne2 Qc7 17. Ng3 Rad8 18. Qg5 Nf6 19. Nh4 h6 20. Qe3 d5 21. f3 dxe4 22. Nxe4 Nxe4 23. Bxe4 Nd5 24. Qb3 Nf6 25. Bxb7 Rxd1 26. Rxd1 Qxb7 27. Nf5 Qc7 28. Qd3 e4 29. fxe4 Nxe4 30. Qd4 f6 31. c3 Qc5 32. Qxc5 Nxc5 33. Kf1 Kf8 34. Rd5 Re5 35. Rd8+ Kf7 36. g4 h5 37. h3 g6 38. Nd4 hxg4 39. hxg4 Re4 40. Rc8 Ne6 41. Nxe6 Rxe6 1/2-1/2

[Event "26th Klatovy B 2018"]
[Site "Klatovy CZE"]
[Date "2018.07.01"]
[Round "2.38"]
[White "Dubnicka, Augustin 2000"]
[Black "Kirs, Pavel"]
[Result "1/2-1/2"]
[WhiteElo "1659"]
[BlackElo "1579"]
[PlyCount "68"]
[EventDate "2018.06.30"]
[EventType "swiss"]
[EventRounds "9"]
[EventCountry "CZE"]

1. d4 Nf6 2. c4 c5 3. e3 g6 4. Nc3 Bg7 5. Nf3 O-O 6. g3 e6 7. Bg2 a6 8. O-O Qc7 9. b3 d6 10. Bb2 Nbd7 11. Qe2 Rb8 12. Rfd1 b6 13. Ng5 Bb7 14. Nge4 Nxe4 15. Nxe4 f5 16. Ng5 Rfe8 17. Bxb7 Qxb7 18. dxc5 h6 19. Bxg7 Kxg7 20. Nf3 dxc5 21. Qb2+ Kg8 22. Ne5 Nxe5 23. Qxe5 Qg7 24. Qxg7+ Kxg7 25. Rd7+ Kf6 26. f4 Rbd8 27. Rad1 Rxd7 28. Rxd7 Re7 29. Rd6 Rb7 30. h4 Ke7 31. Rd2 Rd7 32. Rxd7+ Kxd7 33. Kf2 e5 34. Kf3 e4+ 1/2-1/2

[Event "26th Klatovy B 2018"]
[Site "Klatovy CZE"]
[Date "2018.07.01"]
[Round "2.40"]
[White "Beran, Jakub"]
[Black "Krisman, Ondrej"]
[Result "1-0"]
[WhiteElo "1349"]
[BlackElo "1566"]
[PlyCount "127"]
[EventDate "2018.06.30"]
[EventType "swiss"]
[EventRounds "9"]
[EventCountry "CZE"]

1. e4 e5 2. Nf3 Nc6 3. d4 exd4 4. Nxd4 Nf6 5. Nc3 Bb4 6. Nxc6 bxc6 7. Bd2 Qe7 8. Bd3 O-O 9. O-O d6 10. f3 Bc5+ 11. Kh1 a5 12. Qe2 Nd7 13. a3 Ne5 14. Be3 Nxd3 15. cxd3 Bxe3 16. Qxe3 Ba6 17. Rfe1 Rfe8 18. Rac1 Rab8 19. Rb1 Qf6 20. Qd2 d5 21. Qc2 Red8 22. Red1 dxe4 23. dxe4 Bc4 24. Rxd8+ Rxd8 25. Rd1 Rxd1+ 26. Qxd1 Qd6 27. Qxd6 cxd6 28. Kg1 Kf8 29. Kf2 Ke7 30. g3 Ke6 31. Ke3 Bb3 32. Kd4 f5 33. exf5+ Kxf5 34. Ne4 d5 35. Nd2 Ba4 36. b3 Bb5 37. a4 Be2 38. Kc5 Ke5 39. b4 axb4 40. Kxb4 Kd4 41. a5 Ke3 42. Nb3 Ba6 43. Nc5 Bb5 44. a6 Bxa6 45. Nxa6 d4 46. Nc5 d3 47. Nxd3 Kxd3 48. Kc5 Ke3 49. f4 Kf2 50. f5 Kg2 51. g4 h6 52. h4 Kg3 53. g5 h5 54. f6 gxf6 55. gxf6 Kxh4 56. f7 Kg4 57. f8=Q h4 58. Qf1 Kg3 59. Qh1 h3 60. Kxc6 h2 61. Kd5 Kh3 62. Ke4 Kg3 63. Ke3 Kh3 64. Kf4 1-0

[Event "26th Klatovy B 2018"]
[Site "Klatovy CZE"]
[Date "2018.07.01"]
[Round "2.41"]
[White "Bukvaj, Martin"]
[Black "Mareska, Daniel"]
[Result "0-1"]
[WhiteElo "1123"]
[BlackElo "1697"]
[PlyCount "42"]
[EventDate "2018.06.30"]
[EventType "swiss"]
[EventRounds "9"]
[EventCountry "CZE"]

1. e4 c5 2. Nf3 e6 3. d4 cxd4 4. Qxd4 Nc6 5. Qd1 Qc7 6. Nc3 a6 7. Be3 Nf6 8. Bg5 Be7 9. Bd2 O-O 10. Qe2 b5 11. O-O-O Bb7 12. a3 Rac8 13. Qe3 Rfd8 14. Ng5 h6 15. Nh3 d5 16. exd5 Nxd5 17. Qf3 Bf6 18. Nxd5 Rxd5 19. Bd3 Ne5 20. Bf4 Nxd3+ 21. Rxd3 Qxc2# 0-1

[Event "26th Klatovy B 2018"]
[Site "Klatovy CZE"]
[Date "2018.07.01"]
[Round "2.43"]
[White "Skopkova, Marcela"]
[Black "Kovar, Vaclav 1953"]
[Result "0-1"]
[WhiteElo "1245"]
[BlackElo "1688"]
[PlyCount "48"]
[EventDate "2018.06.30"]
[EventType "swiss"]
[EventRounds "9"]
[EventCountry "CZE"]

1. d4 d5 2. Nf3 Nf6 3. Bg5 e6 4. Nbd2 c5 5. e3 a6 6. c4 dxc4 7. Bxc4 cxd4 8. Nxd4 Be7 9. Qb3 O-O 10. O-O b5 11. Be2 Bb7 12. Rfd1 Nbd7 13. Bf3 Nc5 14. Qc2 Bxf3 15. N2xf3 Qb6 16. Nb3 Rac8 17. Nxc5 Rxc5 18. Qe2 Rfc8 19. b3 h6 20. Bf4 Ne4 21. Ne1 Nc3 22. Qg4 Bf6 23. Rd6 Qb7 24. Kh1 Ne4 0-1